|
|
|
|
| LEADER |
01425cam a2200325Ia 4500 |
| 001 |
9780203068151 |
| 003 |
FlBoTFG |
| 005 |
20091230162919.0 |
| 006 |
a|||||s||||||||||| |
| 007 |
cr|||| |
| 008 |
040322s2004 mauab sb 001 0 eng d |
| 020 |
|
|
|a 9780203068151 (e-book : PDF)
|
| 040 |
|
|
|a FlBoTFG
|c FlBoTFG
|d GrThAP
|
| 043 |
|
|
|a a-ir---
|
| 090 |
|
|
|a DS272
|b .G27 2004
|
| 092 |
|
|
|a 955
|b G244
|
| 100 |
1 |
|
|a Garthwaite, Gene R.
|q (Gene Ralph),
|d 1933-
|
| 245 |
1 |
4 |
|a The Persians
|h [electronic resource] /
|c Gene R. Garthwaite.
|
| 260 |
|
|
|a Malden, Mass. :
|b Blackwell Pub.,
|c 2004.
|
| 300 |
|
|
|a xviii, 311 p. :
|b ill., maps.
|
| 490 |
1 |
|
|a Peoples of Asia
|
| 504 |
|
|
|a Includes bibliographical references (p. [286]-295) and index.
|
| 505 |
0 |
|
|a Persia : place and idea -- The Achaemenians (c.550-331 BC) -- Alexander (330-323 BC), the Selucids (312-129 BC) and Parthians (247 BC-AD 224) -- The Sasanians (c. 224-651) -- Non-Iran : Arabs, Turks, and Mongols in Iran -- The Safavids (1501-1722) -- The Qajars (1796-1926) -- Iran : 1921-2003 : the Pahlavi and Islamic Republican Iran.
|
| 530 |
|
|
|a Also available in print edition.
|b CRC Press (http://www.crcpress.com)
|
| 538 |
|
|
|a Mode of access: World Wide Web.
|
| 651 |
|
0 |
|a Iran
|x History.
|
| 655 |
|
7 |
|a Electronic books.
|2 lcsh
|
| 776 |
1 |
|
|z 9780415320894
|
| 830 |
|
0 |
|a Peoples of Asia.
|
| 856 |
4 |
0 |
|u http://www.tandfebooks.com/isbn/9780203068151
|z Full Text via HEAL-Link
|